8 najdôležitejších daňových zmien pre biznis
Výber najdôležitejších noviniek v oblasti daňových zmien, ktoré výraznejšie ovplyvňujú podnikateľské prostredie.
Saved in:
| Format: | Book Chapter |
|---|---|
| Language: | Slovak |
| Subjects: | |
| Tags: |
No Tags, Be the first to tag this record!
|
MARC
| LEADER | 00000naa a2200000 4500 | ||
|---|---|---|---|
| 001 | 0242600 | ||
| 005 | 20180504131515.3 | ||
| 041 | 0 | |a slo | |
| 044 | |a SK | ||
| 245 | 1 | 0 | |a 8 najdôležitejších daňových zmien pre biznis |
| 520 | |a Výber najdôležitejších noviniek v oblasti daňových zmien, ktoré výraznejšie ovplyvňujú podnikateľské prostredie. | ||
| 610 | 2 | 0 | |a dane z príjmov |
| 610 | 2 | 0 | |a zákony |
| 610 | 2 | 0 | |a novelizácia |
| 610 | 2 | 0 | |a prostredie podnikateľské |